000 01136nam a22002777a 4500
005 20240530110401.0
008 150121s2009 ua dfo f b 000 0 ara d
017 _a2008/17476
_bمصر . دار الكتب المصرية
020 _a9773276872
040 _aEG-CaGPL
041 0 _aara
082 0 4 _221
_a720.9626227
_bق/ س أ
100 0 _aسعد عبدالكريم شهاب
245 1 0 _aانماط العمارة التقليدية الباقية فى صحراء مصر الغربية :
_bدراسة تحليلية مقارنة /
_cسعد عبدالكريم شهاب
250 _aط1
260 _aالاسكندرية :
_bدار الوفاء لدنيا الطباعة و النشر ،
_c2009
300 _a555 ص :
_bايض ؛
_c24 سم
504 _aببليوجرافية : ص 539 - 554
650 0 4 _aالعمارة
_zالصحراء الغربية
650 0 4 _aواحة سيوة
650 0 4 _aواحة سيوة
_xتاريخ
650 0 4 _aواحة الداخلة
650 0 4 _aالعمارة الاسلامية
_zالصحراء الغربية
942 _2ddc
_cBK
999 _c60274
_d60274